Top 10 des hommes de taille moyenne dans les pays actuels 2023 - Statistiques

Statistiques générales
  • Ce quiz a été pris 81 fois
  • Le résultat moyen est 4 sur 10
Statistiques - réponses
Hint Réponse % Correct
1,840 Pays-Bas
94%
1,824 Danemark
57%
1,824 Islande
38%
1,833 Estonie
34%
1,818 Lettonie
31%
1,814 Slovaquie
26%
1,818 Ukraine
22%
1,838 Monténégro
19%
1,817 Tchéquie
18%
1,829 Bosnie
16%
Aucun quiz correspondant
Distribution des résultats
% des personnes avec chaque résultat
Percentile par nombre de réponses
Votre historique - résultats
Vous n’avez pas pris ce quiz